000 00679cam a22002293a 4500
001 16111
003 PGUSA
005 20140828083338.0
008 050622s2005||||xxu|||||s|||||000 | eng d
040 _aPGUSA
_beng
042 _adc
050 4 _aPQ
100 1 _aHerculano, Alexandre,
_d1810-1877
245 1 0 _aOpúsculos por Alexandre Herculano - Tomo 01
_h[electronic resource] /
_cAlexandre Herculano
260 _bProject Gutenberg,
_c2005
506 _aPublic domain in the USA.
516 _aElectronic text
653 _aPortuguese literature -- 19th century
830 0 _aProject Gutenberg
_v16111
856 4 0 _uhttp://www.gutenberg.org/ebooks/16111
942 _cEB
999 _c245366
_d245366